1727 1674 1320 1350 1926 1287 1205 1243 1955 1114 1055 1311 1336 1182 1454 1762 1130 1025 1541 1241 1922 1867 1710 1175 1419 1326 1442 1431 1950 1446 1031 1584 1643 1613 1985 1651 1382 1032 1627 1756 1498 1520 1719 1718 1565 1070 1371 1758 1263 1198 1225 1154 1366 1698 1394 1039 1535 1832 1510 1921 1713 1671 1646 1098 1801 1158 1145 1632 1499 1505 1784 1786 1103 1572 1167 1688 1484 1964 1789 1040 1358 1615 1510 1016 1577 1902 1065 1679 1304 1782 1744 1351 1830 1358 1378 1208 1597 1240 1069 BCNSPRNW ULIB Ver.6.0+V

เปลี่ยนเป็นภาษาไทย

Change to English
 แสดงรายละเอียดบรรณานุกรม
  กลับหน้าหลัก

Brief Record : Get Marc (ISO 2709) : E-mail record : QR code < ปิดหน้าต่าง
LEADER : 00000nam 2200000uu 4500
001    13399121077
003     ULIB
008    121102s2555||||th 000 0 tha d
020    ^a9789743653797
060    ^aW84^bส742
245 00 ^aสุขภาพดี วิถีอาเซียน =^bAsean health care system : รวมบทความวิเคราะห์ระบบบริการสุขภาพ /^cบรรณาธิการ วีระวัฒน์ พันธ์ครุฑ, ชนิสรา ภวภูตานนท์ ณ มหาสารคาม ; คณะผู้เรียบเรียง วีวัฒน์ พันธ์ครุฑ ... [และคนอื่นๆ]
246 30 ^aAsean health care system
246 30 ^aรวมบทความวิเคราะห์ระบบบริการสุขภาพ
250    ^aพิมพ์ครั้งที่ 2
260    ^aนนทบุรี :^bสำนักงานหลักประกันสุขภาพแห่งชาติ,^c2555
300    ^a158 หน้า :^bภาพประกอบ
505 0  ^a^tระบบประกันสุขภาพแห่งชาติประเทศบรูไน - -^tระบบประกันสุขภาพแห่งชาติประเทศกัมพูชา - -^tระบบประกันสุขภาพแห่งชาติประเทศอินโดนีเซีย - -^tระบบประกันสุขภาพแห่งชาติประเทศสาธารณรัฐประชาธิปไตยประชาชนลาว - -^tระบบประกันสุขภาพแห่งชาติประเทศมาเลเซีย - -^tระบบประกันสุขภาพแห่งชาติประเทศเมียนมาร์ - -^tระบบประกันสุขภาพแห่งชาติประเทศสาธารณรัฐฟิลิปปินส์ - -^tระบบประกันสุขภาพแห่งชาติประเทศสาธารณรัฐสิงคโปร์ - -^tระบบประกันสุขภาพแห่งชาติประเทศสาธารณรัฐประชาธิปไตยติมอร์-เลสเต - -^tระบบประกันสุขภาพแห่งชาติประเทศสาธารณรัฐสังคมนิยมเวียดนาม
650  7 ^aการบริการด้านสุขภาพ^xรวมเรื่อง
650  7 ^aสุขภาพ^xรวมเรื่อง
700 0  ^aวีระวัฒน์ พันธ์ครุฑ,^eบรรณาธิการ
700 0  ^aชนิสรา ภวภูตานนท์ ณ มหาสารคาม,^eบรรณาธิการ
710 2  ^aสำนักงานหลักประกันสุขภาพแห่งชาติ
945    ^p220^l0^i032914
945    ^p220^l0^i032915
945    ^p220^l0^i032916
995    ^aเกษร
999    ^aใช้งานได้ทุกระบบ
รายการนี้ยังไม่มีแท็ก
คุณยังไม่ได้ล็อกอิน คุณสามารถมีกิจกรรมร่วมกับเว็บไซต์ได้ แต่ต้องล็อกอินก่อน ::
  ล็อกอิน

รายการสื่อสารสนเทศ

ลำดับที่ ประเภท เลขเรียก/บาร์โค้ด สถานที่ สถานะ
1. วิทยาศาสตร์การแพทย์ และสุขภาพ
หนังสือสำรอง
สถานะ=หนังสือสำรอง
W84 ส742 ฉ.1 
  Barcode: 032914
ห้องสมุดวิทยาเขตสวรรค์ประชารักษ์
►ส่วนจัดเก็บหนังสือเก่า สปร
บนชั้น
  ขอยืม
2. วิทยาศาสตร์การแพทย์ และสุขภาพ
วิทยาศาสตร์การแพทย์ และสุขภาพ
W84 ส742 ฉ.2 
  Barcode: 032915
ห้องสมุดวิทยาเขตสวรรค์ประชารักษ์
►ส่วนจัดเก็บหนังสือเก่า สปร
บนชั้น
  ขอยืม
3. วิทยาศาสตร์การแพทย์ และสุขภาพ
วิทยาศาสตร์การแพทย์ และสุขภาพ
W84 ส742 ฉ.3 
  Barcode: 032916
ห้องสมุดวิทยาเขตสวรรค์ประชารักษ์
►ส่วนจัดเก็บหนังสือเก่า สปร
บนชั้น
  ขอยืม

รายการใกล้เคียง
    หัวเรื่อง [สุขภาพ รวมเรื่อง]

BibComment


ยังไม่เคยถูกคอมเมนท์

คอมเมนท์ทรัพยากรรายการนี้
  คอมเมนท์: สุขภาพดี วิถีอาเ..


 Copyright 2026. Bcnsprnw @Library